|
|
|
|
| LEADER |
00000cam a2200000 4500 |
| 001 |
vtls011882471 |
| 003 |
SK-MaSNL |
| 005 |
20260301185201.0 |
| 008 |
210906s2019 xr a brei 000 0 slo |
| 015 |
|
|
|a SNBZSA2021/06
|
| 020 |
|
|
|a 9788000054391
|q (viazané)
|
| 035 |
|
|
|a urn:nbn:sk:snk-am00fhdg
|
| 035 |
|
|
|a urn:nbn:sk:snk-am3iv50
|
| 035 |
|
|
|a 15AA0D52-5C94-4F3B-9C20-12773B713E69
|
| 040 |
|
|
|a SNK
|b slo
|c SNK
|e rda
|
| 041 |
1 |
|
|a slo
|h cze
|
| 044 |
|
|
|a xr
|c CZ
|
| 072 |
|
7 |
|a 82-93
|x Literatúra pre deti a mládež
|2 konspekt
|
| 080 |
|
|
|a 82-93
|2 2011
|
| 080 |
|
|
|a (031)
|2 2011
|
| 100 |
1 |
|
|a Sekaninová, Štěpánka
|4 aut
|9 354830
|
| 245 |
1 |
|
|a Všetko pláva, čo plutvy má aj nemá
|c Štěpánka Sekaninová ; ilustroval Tomáš Pernický ; preložil Jan Ondrejkovič
|
| 250 |
|
|
|a Prvé vydanie
|
| 264 |
|
1 |
|a V Prahe
|b Albatros
|b B4U Publishing
|c 2019
|
| 300 |
|
|
|a 45 strán
|b farebné ilustrácie
|c 39 cm
|
| 336 |
|
|
|a text
|b txt
|2 rdacontent
|
| 336 |
|
|
|a statický obraz
|b sti
|2 rdacontent
|
| 337 |
|
|
|a bez média
|b n
|2 rdamedia
|
| 338 |
|
|
|a zväzok
|b nc
|2 rdacarrier
|
| 500 |
|
|
|a Preložené pravdepodobne z češtiny
|
| 504 |
|
|
|a Obsahuje register
|
| 521 |
8 |
|
|a Pre čitateľov od 6 rokov
|
| 650 |
0 |
7 |
|a vodné prostredie
|2 SNKPH
|9 394548
|
| 650 |
0 |
7 |
|a aquatic environment
|2 SNKPHeng
|9 562780
|
| 655 |
|
7 |
|a publikácie pre deti a mládež
|2 SNKPH
|9 70541
|
| 655 |
|
7 |
|a encyklopédie
|2 SNKPH
|9 28776
|
| 655 |
|
7 |
|a Publications for children
|2 SNKPHeng
|9 276792
|
| 655 |
|
7 |
|a Encyclopedias
|2 SNKPHend
|9 90422
|
| 700 |
1 |
|
|a Pernický, Tomáš
|4 ill
|9 165868
|
| 700 |
1 |
|
|a Ondrejkovič, Jan
|4 trl
|9 350820
|
| 710 |
2 |
|
|a B4U Publishing
|4 pbl
|9 217873
|
| 919 |
|
|
|a 978-80-00-05439-1
|
| 958 |
|
|
|a ZS
|
| 958 |
|
|
|a DB
|
| 958 |
|
|
|a UP
|
| 968 |
|
|
|b ČES
|
| 999 |
|
|
|c 863045
|d 864975
|
| 952 |
|
|
|a SNK
|b SNK
|y PREZ
|7 0
|p 17A1449727
|o snkSA 1480
|i snk2021/1922
|8 4
|g 12.23
|0 0
|1 0
|4 0
|d 2020-02-24
|f 1
|l 0
|r 2025-01-23 00:00:00
|w 2026-02-24
|